|
|
|
|
| LEADER |
00000nab a2200000 a 4500 |
| 001 |
vtls000361705 |
| 003 |
SK-MaSNL |
| 005 |
20260304013119.0 |
| 008 |
220423c1988 xo 0 cze |
| 015 |
|
|
|a SNBRA19rr/mm-uuuuu
|
| 035 |
|
|
|a CL0361827
|
| 040 |
|
|
|a SNKBUCL
|b slo
|c SNKBUCL
|e AACR2
|
| 041 |
0 |
|
|a cze
|
| 044 |
|
|
|a xo
|c SK
|
| 080 |
|
|
|a 618.1-006.04-079
|2 1981
|
| 245 |
0 |
0 |
|a Přínos UZ a CT pro sledování maligních nádorů rodidel ; L. Laurová, J. Kobilková, J. Novotná, P. Freitag
|
| 300 |
|
|
|b Tb. 5.
|
| 650 |
0 |
7 |
|a rodidlá
|2 snkbucl
|9 1293673
|
| 650 |
0 |
7 |
|a nádory rodidiel malígne
|2 snkbucl
|9 1293674
|
| 650 |
0 |
7 |
|a ultrasonografia
|2 snkbucl
|9 13510
|
| 650 |
0 |
7 |
|a Tomografia výpočtová
|2 snkbucl
|9 1293675
|
| 655 |
|
7 |
|a články zo zborníkov
|2 snkbucl
|9 166140
|
| 700 |
1 |
|
|a Laurová, L.
|4 aut
|9 1159558
|
| 700 |
1 |
|
|a Kobilková, Jitka,
|d 1928-
|4 aut
|9 221053
|
| 700 |
1 |
|
|a Novotná, J.
|4 aut
|9 566815
|
| 700 |
1 |
|
|a Freitag, P.
|4 aut
|9 1159648
|
| 773 |
0 |
|
|t Aktuality z klinickej onkológie 18
|d Bratislava : Ústav klinickej onkológie, 1988
|g S. 41-43
|
| 850 |
|
|
|a Slovenská národná knižnica v Martine
|a MTA001
|
| 852 |
|
|
|a SNK
|b KIS3GCP
|
| 958 |
|
|
|a RK
|
| 958 |
|
|
|a ME
|
| 992 |
|
|
|a RZB
|
| 999 |
|
|
|c 2574521
|d 2576451
|